00330nam a2200133Ia 4500008004100000100001300041245003200054250001200086260004400098300000800142650002400150942000700174999001500181190216s9999||||xx |||||||||||||| ||und|| aLee. J.D 0aConcise Inorganic Chemistry a3rd Ed. bThe English Language Book Societyc1964 a504 aChemistry-Chemistry cBK c2194d2194